000 00725nas a2200229 4500
001 BR4300081
003 BR-BrBNA
005 20231205081824.0
007 ta
008 230509b bl.|||p| |||| 00| 00por d
040 _aBR-BrBNA
_bpor
_cBiblioteca Nacional de Agricultura
041 _a(Pt)
072 _aE50; D50
110 1 _aServico de Economia Rural, Rio de Janeiro, GB (Brasil)
_99315
245 1 _aAs operacoes com terceiros e a limitacao de associados nas cooperativas [Legislacao]
650 _aSociologia rural
650 _aLegislacao
650 _aCooperativa
773 0 _tCooperacao (Brazil)
_x
_g(Jun 1943), v. 2(12) p. 9-10
_wBR4300081
909 _a202311
_bLúcia
_c55
_dLúcia Elande
942 _2AGRIS
_n0
_cANA
999 _c87113
_d87113